Die holzbildnerei der deutschen schweiz im 14 jahrhundert (Record no. 7820)

MARC details
000 -CABECERA
campo de control de longitud fija 00670nam a2200217 a 4500
001 - NÚMERO DE CONTROL
campo de control BRCA_8152
005 - FECHA Y HORA DE LA ÚLTIMA TRANSACCIÓN
campo de control 20190320210144.0
008 - DATOS DE LONGITUD FIJA--INFORMACIÓN GENERAL
campo de control de longitud fija 300414s1929----gw-a###f##---#001-0#ger-#
041 ## - CÓDIGO DE LENGUA
Código de lengua del texto/banda sonora o título independiente ger
044 ## - CÓDIGO DEL PAÍS DE LA ENTIDAD EDITORA/PRODUCTORA
Código MARC del país gw
050 #4 - SIGNATURA TOPOGRÁFICA DE LA BIBLIOTECA DEL CONGRESO
Número de clasificación NK9764
Número de documento/Ítem .F85
-- 1929
100 1# - ENTRADA PRINCIPAL--NOMBRE DE PERSONA
Nombre de persona Futterer, Ilse
9 (RLIN) 20315
245 10 - MENCIÓN DE TÍTULO
Título Die holzbildnerei der deutschen schweiz im 14 jahrhundert
Mención de responsabilidad, etc. Vorgelegt von Ilse Futterer ; angenommen auf antrag von herrn Josef Zemp.
260 ## - PUBLICACIÓN, DISTRIBUCIÓN, ETC.
Lugar de publicación, distribución, etc. Hasburgo
Nombre del editor, distribuidor, etc. Benno Filser
Fecha de publicación, distribución, etc. 1929
300 ## - DESCRIPCIÓN FÍSICA
Extensión 64 p.
Dimensiones 27 cm.
500 ## - NOTA GENERAL
Nota general X36
650 14 - PUNTO DE ACCESO ADICIONAL DE MATERIA--TÉRMINO DE MATERIA
Término de materia o nombre geográfico como elemento de entrada Madera
Subdivisión de forma Artistas y talladores
Subdivisión geográfica Suiza
9 (RLIN) 20316
651 #4 - PUNTO DE ACCESO ADICIONAL DE MATERIA--NOMBRE GEOGRÁFICO
Nombre geográfico Suiza
Subdivisión de forma Artistas
Subdivisión geográfica Suiza alemana
9 (RLIN) 20317
902 ## - CATALOGADOR
Iniciales GFM
942 ## - ELEMENTOS DE PUNTO DE ACCESO ADICIONAL (KOHA)
Fuente del sistema de clasificación o colocación Library of Congress Classification
Tipo de ítem Koha Libros
Holdings
Estado de retiro Estado de pérdida Estado dañado No para préstamo Localización permanente Ubicación/localización actual Fecha de adquisición Número de inventario Total de préstamos Signatura topográfica completa Código de barras Fecha visto por última vez Precio válido a partir de Tipo de ítem Koha
El ejemplar forma parte de la colección y puede ser consultado según las políticas vigentes.       Biblioteca del Museo Franz Mayer (Rogerio Casas-Alatriste) Biblioteca del Museo Franz Mayer (Rogerio Casas-Alatriste) 30/04/2014 X36   NK9764 .F85 1929 (X36) 8776 22/03/2019 22/03/2019 Libros